Catalog

Record Details

Catalog Search



Spiklenci proti Jeho Veličenstvu : historie tzv. spiknutí Omladiny v Čechách  Cover Image Book Book

Spiklenci proti Jeho Veličenstvu : historie tzv. spiknutí Omladiny v Čechách / Jiří Pernes

Record details

  • Physical Description: 316 s., [32] s. obr. příl. : il., mapa, portréty, faksimile ; 20 cm
  • Edition: Vyd. 1.
  • Publisher: Praha : Mladá fronta, 1988

Content descriptions

General Note:
30000 výt.
Bibliography, etc. Note:
Obsahuje bibliografii
Subject: František Josef I., rakouský císař, 1830-1916
Mrva, Rudolf, 1873-1893
Omladina (hnutí)
spiknutí > Rakousko-Uhersko > 1891-1900
politické soudní procesy > Rakousko-Uhersko > 1891-1900
Česko > společnost a politika > 1880-1900
Genre: literatura faktu

Available copies

  • 1 of 1 copy available at Common Catalog SPOK.

Holds

  • 0 current holds with 1 total copy.
Show Only Available Copies
Location Call Number / Copy Notes Barcode Shelving Location Status Due Date
Hospic Dobrého Pastýře HI
Tematická katagorie: Historie (HI)
2045957006765 Knihovna Available -

Electronic resources

Version of Resource: Digitalizovaný dokument


LDR 01687nam a2200433 4500
00128365
003CZ-PrJAB
00520170821133539.0
007ta
008890210s1988 xr e | u000 0 cze
015 . ‡acnb000043826
020 . ‡q(Brož.) : ‡cKčs 23,00
035 . ‡a(CZ PrNK)ck8901099
035 . ‡a(OCoLC)23028428
040 . ‡aABA001 ‡bcze ‡dABA001
072 7. ‡a94(430/439) ‡xDějiny zemí střední Evropy ‡2Konspekt ‡98
080 . ‡a94(437.3) ‡2MRF
080 . ‡a94(436+439) ‡2MRF
080 . ‡a323.26/.27 ‡2MRF
080 . ‡a343.1:32 ‡2MRF
080 . ‡a(0:82-96) ‡2MRF
1001 . ‡aPernes, Jiří, ‡d1948- ‡7jn19990209645 ‡4aut
24510. ‡aSpiklenci proti Jeho Veličenstvu : ‡bhistorie tzv. spiknutí Omladiny v Čechách / ‡cJiří Pernes
250 . ‡aVyd. 1.
260 . ‡aPraha : ‡bMladá fronta, ‡c1988 ‡f(Mír 3)
300 . ‡a316 s., [32] s. obr. příl. : ‡bil., mapa, portréty, faksimile ; ‡c20 cm
4901 . ‡aArchiv ; ‡vsv. 54
500 . ‡a30000 výt.
504 . ‡aObsahuje bibliografii
60007. ‡aFrantišek Josef ‡bI., ‡crakouský císař, ‡d1830-1916 ‡7jn19981001234 ‡2czenas
60017. ‡aMrva, Rudolf, ‡d1873-1893 ‡7jx20050615017 ‡2czenas
61027. ‡aOmladina (hnutí) ‡7kn20020322111 ‡2czenas
65007. ‡aspiknutí ‡7ph136796 ‡zRakousko-Uhersko ‡y1891-1900 ‡2czenas
65007. ‡apolitické soudní procesy ‡7ph124252 ‡zRakousko-Uhersko ‡y1891-1900 ‡2czenas
651 7. ‡aČesko ‡7ge128065 ‡xspolečnost a politika ‡y1880-1900 ‡2czenas
655 7. ‡aliteratura faktu ‡7fd132773 ‡2czenas
830 0. ‡aArchiv (Mladá fronta)
85641. ‡uhttp://kramerius4.nkp.cz/search/handle/uuid:c9dde070-3c6d-11e3-b77f-005056827e51 ‡yDigitalizovaný dokument
910 . ‡aBNE702
998 . ‡a000043826
901 . ‡a28365 ‡b ‡c28365 ‡tbiblio

Additional Resources